| 000 | 00802nam a22001337a 4500 | ||
|---|---|---|---|
| 040 | _cRUA | ||
| 082 | _aLMA REM 2015 B498 Or.1 | ||
| 100 | _aREM SOPHEA; រឹម សោភា | ||
| 245 | _aStudy on the process of providing social land concessions for army veterans and family in samakimeanchey district, kampong chhnang province; ការសិក្សាអំពីការផ្ដល់ដីសម្បទានសង្គមកិច្ចជូនអតីតកងកម្លាំងប្រដាប់អាវុធ និងគ្រួសារនៅក្នុងស្រុកសាមគ្គីមានជ័យ ខេត្តកំបង់ឆ្នាំង | ||
| 260 |
_aPhnom Penh _bRUA _c2015 |
||
| 300 |
_aix;39p. _bill. _c29cm. |
||
| 856 | _uREM SOPHEA | ||
| 942 | _cLMA | ||
| 999 |
_c8334 _d8334 |
||